Search the Library Catalogue
| 000 -LEADER | |
|---|---|
| fixed length control field | 00345nam a2200121 a 4500 |
| 008 - FIXED-LENGTH DATA ELEMENTS--GENERAL INFORMATION | |
| fixed length control field | 251229s2023##################000#0#eng## |
| 020 ## - INTERNATIONAL STANDARD BOOK NUMBER | |
| ISBN | 9788173460854 |
| 082 04 - DEWEY DECIMAL CLASSIFICATION NUMBER | |
| Classification number | 294.392309 |
| Item number | THU |
| 245 10 - TITLE STATEMENT | |
| Title | The Dalai Lamas of Tibet |
| Sub Title | His Holiness the Dalai Lama |
| Statement of responsibility, etc | Thubten Samphel and Tendar |
| 260 ## - PUBLICATION, DISTRIBUTION, ETC. (IMPRINT) | |
| Year of publication | 2023. |
| 942 ## - ADDED ENTRY ELEMENTS (KOHA) | |
| Koha item type | English Books |
| Withdrawn status | Lost status | Damaged status | Not for loan | Home library | Current library | Shelving location | Date acquired | Full call number | Accession Number | Price effective from | Koha item type |
|---|---|---|---|---|---|---|---|---|---|---|---|
| Anna Centenary Library | Anna Centenary Library | 3RD FLOOR, B WING | 02.01.2026 | 294.392309 THU | 284451 | 02.01.2026 | English Books |